| 000 | 00332nam a22001217a 4500 | ||
|---|---|---|---|
| 082 |
_a340.59 _bHAI |
||
| 100 | _aHaider, Raja Nadeem | ||
| 245 |
_aD.F. Mulla's Principles of Muhammadan Law / _cRaja Nadeem Haider |
||
| 260 |
_aLahore : _bCapital Law Publishers, _c2023. |
||
| 300 | _a498 p. | ||
| 563 | _aHB. | ||
| 942 |
_2ddc _cBK |
||
| 999 |
_c613082 _d613082 |
||